LEADER 01191nam a2200253 u 4500 001 000000018373 003 CaOOAMICUS 005 20070226110652.0 008 950106s1850 it u000 u ita u 035 $a10433390 040 $aPUL(R)$bita 100 1 $aCosta Della Torre, Ignazio,$cconte,$d1789-1872.$0(OLS)http://pul/name/1926 245 10$aOsservazioni analitiche sui discorsi pronunciati nel Senato del Regno in favore della legge del 9 aprile 1850 /$cper Ignazio Costa Della Torre. 260 $aTorino :$bBiancardi e C.,$c1850. 300 $a520 p. ;$c17 cm 650 4$aDiritto ecclesiastico.$0(OLS)http://pul/subject/6 710 1 $aItalia (Regno).$bSenato.$0(OLS)http://pul/name/16351 850 $aPUL 852 $aPUL$W1$xDP1 Antico 800$y27$m165 F 37$j25887$nBK-PRI$b $qStampati Antico$B25887$CPULBib$Z2$F25887 $H $81 941 1 $a15 960 $aDiritto e religione$96 960 $aDiritto e religione$96 996 $6245$aOsservazioni analitiche sui discorsi pronunciati nel Senato del Regno in favore della legge del 9 aprile 1850$9(OLS)http://pul/title/26178 996 $6260$aTorino :$bBiancardi e C.$9(OLS)http://pul/publisher/55704 LEADER 01714nam a2200337 a 4500 001 000000140857 003 CaOOAMICUS 005 20141211113251.0 008 141211s2014 it u000 u ita r 020 $a978-88-6689-599-2 040 $aPUL$bita 082 $a348.45 110 1 $aItalia.$0(OLS)http://pul/name/1188 240 10$aCodice dei diritto penale commerciale (2014).$0(OLS)http://pul/title/178218 245 10$aCodice dei diritto penale commerciale :$bnormativa in materia di: reati fallimentari, reati tributari, reati societari, reati bancari, responsabilitą delle persone giuridiche /$ca cura di Luigi Alibrandi. 260 $aPiacenza :$bCELT La Tribuna,$c©2014. 300 $a766 p. ;$c19 cm 490 1 $aCodici vigenti 2014 500 $aSulla coperta: Aggiornato con tutte le ultime novitą normative. 500 $aTesto su due colonne. 650 4$aDiritto commerciale$zItalia.$0(OLS)http://pul/subject/1274 700 1 $aAlibrandi, Luigi.$0(OLS)http://pul/name/45474 830 0$aCodici vigenti 2014.$0(OLS)http://pul/title/178215 850 $aPUL 852 $aPUL$W1$xSL Diritto e Scienze Sociali 3$y79$m348. 45 COD 3.1.17$j162625$qDDC 21$B162243$CPULBib$Z2$F162243 $H125107 $82 941 1 $a9 996 $6020$a978-88-6689-599-2$9(OLS)http://pul/number/156479 996 $6082$a348.45$9(OLS)http://pul/classification/373 996 $6245$aCodice dei diritto penale commerciale :$bnormativa in materia di: reati fallimentari, reati tributari, reati societari, reati bancari, responsabilitą delle persone giuridiche$9(OLS)http://pul/title/178219 996 $6260$aPiacenza :$bCELT La Tribuna$9(OLS)http://pul/publisher/83033